000 00284nam a22001337a 4500
008 170725b xxu||||| |||| 00| 0 eng d
020 _a9780830693900
041 _aeng
080 _a004
100 _a29
101 _aSHK
245 _aTHE LASER COOKBOOK
_cCOMB,G
942 _2udc
_cBK
999 _c21880
_d21880